Psychedelic Rock Band Names - Statistics

General Stats
  • This quiz has been taken 18 times
  • The average score is 4 of 8
Answers on the Grid
Answers color-coded by a green-red scale on the quiz's grid according to % correct below.
Strawberry Alarm Clock
Chocolate Watchband
Peanut Butter Conspiracy
Vanilla Fudge
Apple Pie Motherhood Band
The Electric Prunes
Nazz
Quicksilver Messenger Service
Cinnamon T.V. Set
The Angry Lollipop
Frederick and His Shapeshifting Carpet
The Caramel Washing Machine
The Red Telephones
The Polka-dot Door
Portrait
Spinal Tap
 
Answer Stats
Answer % Correct
Strawberry Alarm Clock
85%
Vanilla Fudge
69%
Quicksilver Messenger Service
62%
The Electric Prunes
62%
Peanut Butter Conspiracy
46%
Apple Pie Motherhood Band
31%
Chocolate Watchband
23%
Nazz
23%
No matching quizzes found
Score Distribution
Percent of People with Each Score
Percentile by Number Answered
Your Score History
You have not taken this quiz